University physics (Record no. 5108)

000 -LEADER
fixed length control field 00586nam a22002177a 4500
001 - CONTROL NUMBER
control field 5108
003 - CONTROL NUMBER IDENTIFIER
control field BD-DhUET
008 - FIXED-LENGTH DATA ELEMENTS--GENERAL INFORMATION
fixed length control field 141124b xxu||||| |||| 00| 0 eng d
020 ## - INTERNATIONAL STANDARD BOOK NUMBER
International Standard Book Number 8185015635
040 ## - CATALOGING SOURCE
Original cataloging agency DLC
Transcribing agency DLC
Modifying agency BD-DhUET
082 ## - DEWEY DECIMAL CLASSIFICATION NUMBER
Classification number 530
Item number ZEM/1982
100 ## - MAIN ENTRY--PERSONAL NAME
Personal name Zemansky Mark W.
245 ## - TITLE STATEMENT
Title University physics
Statement of responsibility, etc. By Mark W. Zemansky
250 ## - EDITION STATEMENT
Edition statement 6th ed.
260 ## - PUBLICATION, DISTRIBUTION, ETC. (IMPRINT)
Place of publication, distribution, etc. New Delhi
Name of publisher, distributor, etc. Narosa publising house
Date of publication, distribution, etc. 1982
300 ## - PHYSICAL DESCRIPTION
Extent xv, 926 p. + ( T-9, A-10, S-7,1-9) p.
Other physical details westege
Dimensions 27 cm.
650 #0 - SUBJECT ADDED ENTRY--TOPICAL TERM
Topical term or geographic name as entry element Physics
700 ## - ADDED ENTRY--PERSONAL NAME
Personal name Young, Hugh D.
700 ## - ADDED ENTRY--PERSONAL NAME
Personal name Tripathi, B. B.
942 ## - ADDED ENTRY ELEMENTS (KOHA)
Koha item type General Book
Holdings
Source of classification or shelving scheme Koha item type Koha normalized classification for sorting Copy number Withdrawn status Lost status Shelving location Location (home branch) Not for loan Damaged status Price effective from Koha date last seen Sublocation or collection (holding branch) Koha full call number Date acquired Piece designation (barcode)
 General Book530_000000000000000_ZEM_19821  Circulation sectionCentral Library, BUET  2014-11-242014-11-24Central Library, BUET530/ZEM/19822014-11-2482673
 General Book530_000000000000000_ZEM_19822  Circulation sectionCentral Library, BUET  2014-11-302014-11-30Central Library, BUET530/ZEM/19822014-11-3084359